|
|
|
แสดงรายละเอียดบรรณานุกรม |
|
|
Brief Record
: Get Marc (ISO 2709)
: E-mail record
: |
|
|
| LEADER 00000nam 2200000uu 4500 | |||
| 001 50202 | |||
| 003 ULIBM | |||
| 008 170704s||||||||th 000 0 tha d | |||
| 020 ^a 978 974 235 142 7 | |||
| 082 0 ^a อ 3209593 ^b ม - ส | |||
| 110 0 ^a มูลนิธิ 14 ตุลา | |||
| 245 00 ^a สมุดภาพแห่งความทรงจำจารึกประวัติศาสตร์ 14 ตุลาคม ในวาระครบรอบ 36 ปี 14 ตุลา ^c มูลนิธิ 14 ตุลา | |||
| 250 ^a พิมพ์ครั้งที่ 1 | |||
| 260 ^a กรุงเทพฯ : ^b มูลนิธิ 14 ตุลาคม, ^c 2552 | |||
| 300 ^a 237 หน้า : ^b ภาพประกอบ + ซีดี - รอม 1 แผ่น | |||
| 650 0 ^a วันมหาวิปโยค ภาพถ่าย | |||
| 999 ^aลภัสรดา แสงบุญเรือง | |||
| คุณยังไม่ได้ล็อกอิน คุณสามารถมีกิจกรรมร่วมกับเว็บไซต์ได้ แต่ต้องล็อกอินก่อน :: |
|
| สถานะ | |||||||||
| 1. | หนังสือ สถานะ=ใช้ในห้องสมุดเท่านั้น | อ 3209593 ม - ส c.1 Barcode: 082527 | ►หนังสืออ้างอิง | On Shelf | |||||
| [แสดง 1/1 รายการ] | |||||||||

BibComment |
| คอมเมนท์ทรัพยากรรายการนี้ |
|
|
ห้องสมุดโรงเรียนสามัคคีวิทยาคม
159 ถ.บรรพปราการ ต.เวียง อ.เมือง จ.เชียงราย 57000
โทร. 053-711018 โทรสาร 053-713003